01017nam a2200265 i 45000010005000000030009000050050017000140070003000310080041000340800023000750800021000981000025001192450078001442600118002223000022003404900035003625000012003976000028004096510055004377100046004928300043005388520033005819990015006149520122006296388ES-MaACL20231103062524.0t|891009s1968 fr ||||1| fre d a92 Guenot, Nicolas a9(44)"1789/1799"1 aHohl, Claude.96398513aUn Agent du Comite de surete generale b: Nicolas Guenot / cClaude Hohl. aParis : bBibliotheque Nationale, Commission d'Histoire economique et sociale de la Revolution francaise, c1968. a116 p. ; c24 cm.1 aMemoires et documents ; vXXII aIndice.14aGuenot, Nicolas.960443 4aFrancia-xHistoria-y1789-1799, Revolución986852 aBibliothèque nationale de France.922170 aMemoires et documents ; vXXII9227803 aES-MaACLjL-13555 bR.117173 c6388d6388 00104070aATENEOMbATENEOMcDEPO2d2008-01-17eSCl0oL-13555p1006503r2023-02-23 00:00:00w2023-02-23yMONOGRAFIA